| 000 | 00732nam a2200181 u 4500 | ||
|---|---|---|---|
| 001 | 000334518 | ||
| 003 | AM-YeHGA | ||
| 005 | 20250618072107.0 | ||
| 008 | 040513s1981 ai r 000 0 arm d | ||
| 040 | _aAM-YeHGA | ||
| 041 | 0 | _aarm | |
| 100 | 1 |
_aԵնգիբարյան, Ազատ Ադիբեկի, _d1942- _99527 |
|
| 245 | 1 | 0 |
_aՇրջապատի աղտոտվածության բժշկակենսաբանական հետևանքները / _cԱ. Ա. Ենգիբարյան; ՀՍՍՀ Առողջապահության մին-թյան հանրապետ. սանլուստուն. |
| 260 |
_aԵրևան : _bՀայաստան, _c1981. |
||
| 300 | _a24 էջ. | ||
| 653 | 0 | _aՇրջակա միջավայրի պահպանություն | |
| 090 | _c127195 | ||
| 999 |
_c125837 _d125837 |
||